| 000 | 00678nam a2200217 a 4500 | ||
|---|---|---|---|
| 008 | |||
| 020 | _a1563633302 (hbk. ) | ||
| 049 | _aMAIN | ||
| 090 |
_aREF RS75 _bPHY |
||
| 245 | 0 | 0 |
_aPhysicians' desk reference / _cedited by Lori, Murray. |
| 250 | _a54th edition. | ||
| 260 |
_aMontvale, N.J. : _bMedical Economics Company Inc, _c2000. |
||
| 300 |
_a[various paging], 3355 p. : _bill. ; _c30 cm. |
||
| 650 | 0 |
_aDrugs _xDictionaries _xPeriodicals. |
|
| 650 | _aDru interactins and side effects. | ||
| 907 |
_a.b10290503 _b10-06-11 _c01-02-11 |
||
| 003 | |||
| 005 | 20230120191431.0 | ||
| 040 | _cNUST | ||
| 942 |
_cBOOKS _kREF RS75 _mPHY |
||
| 999 |
_c101066 _d101066 |
||